| 000 | 00589nam a22001697a 4500 | ||
|---|---|---|---|
| 003 | OSt | ||
| 005 | 20171010095449.0 | ||
| 008 | 120621t xxu||||| |||| 00| 0 eng d | ||
| 040 |
_aMMSU _cULS |
||
| 100 |
_aGuittap, Juanarez A. _910607 |
||
| 245 |
_aPotential of coconut husk to control eutrophication in aquatic ecosystems _cJuanarez A. Guittap |
||
| 260 | _c2007 | ||
| 300 |
_axi, 42 leaves _c28 cm. |
||
| 500 | _aThesis (BS Environmental Science) -- Mariano Marcos State University-College of Arts and Sciences, Batac City | ||
| 504 | _aBibliography: leaf 27 | ||
| 942 |
_2ddc _cTHEDIS |
||
| 999 |
_c9587 _d9587 |
||